| 000 | 00393nam a2200169Ia 4500 | ||
|---|---|---|---|
| 008 | 230524s9999 xx 000 0 und d | ||
| 020 | _a8121902606 | ||
| 082 |
_a330 _bAHU |
||
| 100 | _aH.L.Ahuja | ||
| 245 | 0 | _aAdvanced Economic Theory | |
| 250 | _a10TH | ||
| 260 |
_aNEW DELHI _bS.Chand _c1998 |
||
| 300 | _aXVI;1053 | ||
| 500 | _aQuantity Number: 5 | ||
| 650 | _aEconomics | ||
| 942 | _cBK | ||
| 999 |
_c1513 _d1513 |
||